Signals and systems (Record no. 3377)

MARC details
000 -LEADER
fixed length control field 00713 a2200217 4500
010 ## - LIBRARY OF CONGRESS CONTROL NUMBER
LC control number ENG-85728
020 ## - INTERNATIONAL STANDARD BOOK NUMBER
International Standard Book Number 8189253360
Terms of availability 275.00
035 ## - SYSTEM CONTROL NUMBER
System control number EN-69261
037 ## - SOURCE OF ACQUISITION
Source of stock number/acquisition D.B.Act / Pub
082 ## - DEWEY DECIMAL CLASSIFICATION NUMBER
Classification number 621.3822
090 ## - LOCALLY ASSIGNED LC-TYPE CALL NUMBER (OCLC); LOCAL CALL NUMBER (OCLC)
-- 3444
-- 3444
100 ## - MAIN ENTRY--PERSONAL NAME
Personal name Agrawal, J. P.
245 ## - TITLE STATEMENT
Title Signals and systems
Statement of responsibility, etc by J. P. Agrawal
260 ## - PUBLICATION, DISTRIBUTION, ETC. (IMPRINT)
Place of publication, distribution, etc New Delhi
Name of publisher, distributor, etc Paragon International Publishers
Date of publication, distribution, etc 2006
270 ## - ADDRESS
Address 5, Ansari Road, Darya Ganj
City New Delhi
State or province Delhi
Postal code 110002
Telephone number 23274151
Electronic mail address gph2004@yahoo.co.in
300 ## - PHYSICAL DESCRIPTION
Extent xiv, 638 p.
Dimensions 23 cm. (Pbk)
500 ## - GENERAL NOTE
General note Includes index.
650 ## - SUBJECT ADDED ENTRY--TOPICAL TERM
Topical term or geographic name as entry element Signals
942 ## - ADDED ENTRY ELEMENTS (KOHA)
Institution code [OBSOLETE] dpl
Koha item type English Books
Call number prefix 621.3822 / AGR
Holdings
Withdrawn status Lost status Source of classification or shelving scheme Damaged status Not for loan Collection code Home library Current library Source of acquisition Cost, normal purchase price Total Checkouts Full call number Barcode Date last seen Copy number Uniform Resource Identifier Cost, replacement price Price effective from Koha item type
    Dewey Decimal Classification   Not For Loan Non-fiction D.B.Act.Division D.B.Act.Division DBAD/PUB 275.00   621.3822 AGR EN-69261 15/09/2008 1 3598 275.00 15/09/2008 English Books

© Delhi Public Library
Hit Counter
free hit counter